The beader's bible
| Main Author: | |
|---|---|
| Format: | Book |
| Published: |
Cincinnati :
David & Charles Limited ,
2008
|
| Subjects: |
MARC
| LEADER | 00000cam a2200000 7i4500 | ||
|---|---|---|---|
| 001 | 0000140264 | ||
| 005 | 20100714.0 | ||
| 020 | |a 0715322915 | ||
| 020 | |a 9780715322918 | ||
| 090 | 0 | 0 | |a 745.594 |b WOO |
| 100 | 1 | |a Wood, Dorothy | |
| 245 | 1 | 4 | |a The beader's bible |c Dorothy Wood |
| 260 | |a Cincinnati : |b David & Charles Limited , |c 2008 | ||
| 300 | |a 176p. ; |c 28.5cm. | ||
| 650 | 0 | 0 | |a Beadwork |
| 999 | |a 00235742 |b BUKU |c PINJAMAN |e PERPUSTAKAAN KOMUNITI PETALING JAYA | ||